00413 2200181 4500001002100000005001500021008004100036020001800077035001900095041000700114082000800121090001400129100001300143245001600156260002500172300002400197650001000221INLIS00000000001110820241224114124241224||||||||| | ||| |||| || |  a979-96528-4-7 0010-1224011108 aid0 a811 a811 AND.k0 aAndri Vb00aKetika Tiba aBandungbMalkac2005 a105 h;m.;16 x 17 cm 0aPuisi